Estudos sobre as reformas do Cd̤igo de Processo Civil

Detalles Bibliográficos
Autor principal: Guerreiro Milhoranza, Marińgela
Otros Autores: Rosa Tesheiner, Jos ̌Maria
Formato: eBook
Lenguaje:portugués
Publicado: [Brasil] : Novatez, 2009.
Materias:
Acceso en línea:Acceso restringido

MARC

LEADER 00000nam a22000007a 4500
005 20110901144945.0
008 110901t2009 bl ||||s|||| 00| 0 por d
020 |a 9788599315156 
035 |a 5584 
040 |a vLex 
090 |c 2341  |d 2341 
100 1 |a Guerreiro Milhoranza, Marińgela 
245 1 0 |a Estudos sobre as reformas do Cd̤igo de Processo Civil  |h [Recurso electrn̤ico] /  |c Marińgela Guerreiro Milhoranza; Jos ̌Maria Rosa Tesheiner 
256 |a Servicio en ln̕ea. 
260 |a [Brasil] :  |b Novatez,  |c 2009. 
500 |a Este livro apresenta uma anl̀ise dos textos legislativos que, desde 1992, alteraram profundamente o Cd̤igo de Processo Civil brasileiro.  
506 1 |a Contenido solo disponible en los productos indicados  |d vLex Global  |d vLex Global (Academic Edition, excluding Law Schools)  |d vLex Global (U.S. Academic Edition, Law Schools)  |d vLex Global (U.S. Academic Edition, excluding Law Schools)  |d vLex Global (Academic Edition, Law Schools) 
650 0 4 |a Derecho civil  |z Brasil 
700 1 |a Rosa Tesheiner, Jos ̌Maria 
740 0 |a vLex Libros (Servicio en ln̕ea) 
856 4 0 |u http://vlex.com/source/estudos-reformas-codigo-processo-civil-5584  |z Acceso restringido 
942 |c BOOK